000 00461nam a2200145 i 4500
001 146159
003 ES-MaACL
005 20230906201432.0
007 t|
008 070904s1917 fr ||||1| fre d
245 0 0 _aTraité de la guerre en générale... et des régles sur les operations militaires /
_cpor un officier de Distinction.
260 _aParis :
_b[s.n.],
_c1917 (
_fImp. Bussière)
300 _aXX, 207 p. ;
_c17 cm.
852 _aES-MaACL
_jF-13430
999 _c146159
_d146159